Słówka po angielsku - Statystyki

Ogólne statystyki
  • Ten quiz został rozwiązany 10 razy
  • Średni wynik to 3 z 15
Statystyki odpowiedzi
Hint Odpowiedź % Poprawnych
kolonizowac kosmos colonise space
50%
dziwak freak
50%
absolwent graduate
50%
badać wszechświat explore the universe
25%
powstać come into being
13%
partnerzy handlowi commercial partners
13%
zasługi dla czegoś contribution to sth
13%
zainteresowac się develop an interest
13%
przedsiębiorca entrepreneur
13%
pilotować odrzutowiec fly a jet
13%
zyskać gain
13%
porzucić pomysł give up on an idea
13%
we współpracy z kims in collaboration with sb
13%
wysłac ludzi na Księzyc land people on the Moon
13%
poczuc przyplyw kreatywnosci let one s creative juices flow
13%
Nie znaleziono quizów pasujących do podanych kryteriów
Rozkład punktacji
Procent ludzi z każdym wynikiem
Percentyl według liczby udzielonych odpowiedzi
Twoja historia wyników
Nie rozwiązałeś tego quizu